000 00196 a2200097 4500
020 _a9780439341134
041 _aeng
100 _aHerman, Cail
245 _aValentine's day dognapping
942 _cBK
999 _c31723
_d31721